[Event "Golden Horseshoe op U2000"]
[Site "Mississauga CAN"]
[Date "2019.06.09"]
[Round "4.16"]
[White "McDonald, Mike"]
[Black "Orozco, Joey"]
[Result "0-1"]
[WhiteElo "1837"]
[BlackElo "1869"]
[PlyCount "79"]
[EventDate "2019.06.08"]
[EventType "swiss"]
[EventRounds "5"]
[EventCountry "CAN"]

1. e4 e6 2. d4 d5 3. Nc3 Nf6 4. e5 Nfd7 5. f4 c5 6. Nf3 Nc6 7. Be3 a6 8. Qd2 b5
9. dxc5 Bxc5 10. a3 Qb6 11. Bxc5 Qxc5 12. b4 Qb6 13. Ne2 a5 14. c3 axb4 15.
cxb4 f6 16. Ned4 fxe5 17. Nxe6 Ne7 18. Nfg5 Rg8 19. fxe5 h6 20. Rc1 Ra7 21.
Rxc8+ Nxc8 22. Bd3 Nxe5 23. Bh7 Rxa3 24. Bxg8 Nd3+ 25. Kf1 Ra1+ 26. Ke2 Qf2+
27. Kxd3 Ra3+ 28. Qc3 Qf5+ 29. Kd2 Qf2+ 30. Kd3 Rxc3+ 31. Kxc3 Qe3+ 32. Kc2
Qe2+ 33. Kc1 Qc4+ 34. Kd1 Qd3+ 35. Kc1 Qc3+ 36. Kd1 Qa1+ 37. Kc2 Qxh1 38. Nxg7+
Kf8 39. Bxd5 Kxg7 40. Nf3 0-1

[Event "Golden Horseshoe op U2000"]
[Site "Mississauga CAN"]
[Date "2019.06.09"]
[Round "4.17"]
[White "Joseph Benher, Savio"]
[Black "Caloyloy, Ronnie Nino"]
[Result "1-0"]
[WhiteElo "1830"]
[BlackElo "1701"]
[PlyCount "73"]
[EventDate "2019.06.08"]
[EventType "swiss"]
[EventRounds "5"]
[EventCountry "CAN"]

1. e4 c5 2. Nf3 Nc6 3. Bb5 g6 4. Bxc6 bxc6 5. O-O Bg7 6. Re1 Nf6 7. e5 Nd5 8.
c4 Nc7 9. d4 cxd4 10. Qxd4 Ne6 11. Qh4 h6 12. Nc3 Ba6 13. b3 Qa5 14. Bb2 g5 15.
Qe4 Rd8 16. Rac1 Bb7 17. a3 h5 18. b4 Qc7 19. Qf5 Bh6 20. Ne4 Ng7 21. Nd6+ Qxd6
22. exd6 Nxf5 23. dxe7 Rg8 24. exd8=Q+ Kxd8 25. Ne5 Rf8 26. Rcd1 d6 27. g4 hxg4
28. Nxg4 Bg7 29. Bxg7 Nxg7 30. Rxd6+ Kc7 31. Rf6 Bc8 32. Re7+ Kb6 33. Rfxf7 Rd8
34. Rxg7 Bxg4 35. Rb7+ Ka6 36. Rxa7+ Kb6 37. Rgb7# 1-0

[Event "Golden Horseshoe op U2000"]
[Site "Mississauga CAN"]
[Date "2019.06.09"]
[Round "4.18"]
[White "Samokysh, Yevhen"]
[Black "Lim, Levi"]
[Result "0-1"]
[WhiteElo "1794"]
[BlackElo "1973"]
[PlyCount "80"]
[EventDate "2019.06.08"]
[EventType "swiss"]
[EventRounds "5"]
[EventCountry "CAN"]

1. Nf3 Nf6 2. c4 c5 3. Nc3 Nc6 4. d4 cxd4 5. Nxd4 Nxd4 6. Qxd4 g6 7. g3 Bg7 8.
Bg2 O-O 9. O-O d6 10. Qd2 a6 11. b3 Rb8 12. a4 Re8 13. Rd1 Qa5 14. Bb2 Qh5 15.
Nd5 Ng4 16. h4 Bxb2 17. Qxb2 Qe5 18. Qd4 Qxd4 19. Rxd4 Kg7 20. Nb6 Ne5 21. Rad1
Be6 22. a5 h5 23. b4 Nc6 24. Bxc6 bxc6 25. c5 dxc5 26. bxc5 f5 27. f4 Kf7 28.
Kf2 Kg7 29. R1d3 Kf7 30. Rd2 Rg8 31. e4 fxe4 32. Rxe4 Rge8 33. Rde2 Bg4 34. Re1
Bf5 35. R4e3 Bg4 36. Rd3 Rbd8 37. Ree3 Bf5 38. Rc3 Rd2+ 39. Kf3 Red8 40. Nc4
Bg4+ 0-1

[Event "Golden Horseshoe op U2000"]
[Site "Mississauga CAN"]
[Date "2019.06.09"]
[Round "4.19"]
[White "Cater, Brendan"]
[Black "Baylon, Glenda"]
[Result "1/2-1/2"]
[WhiteElo "1897"]
[BlackElo "1911"]
[PlyCount "91"]
[EventDate "2019.06.08"]
[EventType "swiss"]
[EventRounds "5"]
[EventCountry "CAN"]

1. d4 Nf6 2. Nf3 g6 3. g3 Bg7 4. Bg2 d5 5. Nbd2 O-O 6. Ne5 Bf5 7. Ndf3 Nbd7 8.
c3 c5 9. e3 Rc8 10. h3 Be4 11. O-O Nxe5 12. Nxe5 Bxg2 13. Kxg2 Nd7 14. Nxd7
Qxd7 15. a4 a5 16. Qf3 f5 17. Qe2 b6 18. Rd1 Rfe8 19. f4 cxd4 20. exd4 Rc4 21.
Re1 e6 22. Qd1 b5 23. axb5 Qxb5 24. Qe2 a4 25. Be3 Rb8 26. Reb1 Bf8 27. Bc1 Qc6
28. Qe5 Rb3 29. Bd2 Bg7 30. Qe1 Qb6 31. Ra3 Kf7 32. Rxb3 Qxb3 33. Qd1 Qxd1 34.
Rxd1 Ke7 35. Kf3 Kd7 36. Ra1 Kc6 37. Ke2 Kb5 38. Kd3 Rc6 39. Re1 Bf8 40. Bc1
Ra6 41. Re2 Ka5 42. Re1 Rb6 43. h4 h5 44. Re2 Ka6 45. Kc2 Kb5 46. Kd3 1/2-1/2

[Event "Golden Horseshoe op U2000"]
[Site "Mississauga CAN"]
[Date "2019.06.09"]
[Round "4.20"]
[White "Ajith, Aayush"]
[Black "Chen, Richard"]
[Result "1/2-1/2"]
[WhiteElo "1826"]
[BlackElo "1759"]
[PlyCount "82"]
[EventDate "2019.06.08"]
[EventType "swiss"]
[EventRounds "5"]
[EventCountry "CAN"]

1. d4 Nf6 2. c4 g6 3. Nc3 Bg7 4. g3 O-O 5. Bg2 d6 6. e4 Nbd7 7. Nge2 e5 8. d5
b6 9. O-O a5 10. h3 Ba6 11. b3 Qe7 12. Be3 Nc5 13. Qd2 Nfd7 14. f4 Rae8 15. f5
Qd8 16. g4 Kh8 17. Bh6 Bxh6 18. Qxh6 Qf6 19. g5 Qg7 20. Qh4 f6 21. Ng3 fxg5 22.
Qxg5 Nd3 23. Nce2 Qf6 24. h4 Bc8 25. Qe3 Nb4 26. h5 Nc2 27. Qd2 Nxa1 28. fxg6
Nxb3 29. axb3 Qg7 30. Nf5 Rxf5 31. exf5 h6 32. Be4 Nf6 33. Ng3 Rf8 34. Qe2 Bd7
35. Bg2 Qe7 36. Bh3 Kg7 37. Kh2 Re8 38. Ne4 Rf8 39. Nxf6 Qxf6 40. Qe4 Ra8 41.
Ra1 Rf8 1/2-1/2

[Event "Golden Horseshoe op U2000"]
[Site "Mississauga CAN"]
[Date "2019.06.09"]
[Round "4.21"]
[White "Hua, Michelle"]
[Black "Hughes-Dupuy, Henry"]
[Result "1-0"]
[WhiteElo "1803"]
[BlackElo "1674"]
[PlyCount "97"]
[EventDate "2019.06.08"]
[EventType "swiss"]
[EventRounds "5"]
[EventCountry "CAN"]

1. c4 f5 2. d4 Nf6 3. g3 g6 4. Bg2 Bg7 5. e3 O-O 6. Ne2 d6 7. O-O Nc6 8. Nbc3
a6 9. b3 e5 10. d5 Na5 11. Bb2 Qe8 12. Qc2 g5 13. f4 Qh5 14. Nd1 Rf7 15. b4 Bh6
16. bxa5 gxf4 17. exf4 Rg7 18. Bf3 Qh3 19. Nf2 Qh4 20. Kh1 Rxg3 21. Nxg3 Bxf4
22. Rg1 Kf7 23. Bc1 Bxc1 24. Raxc1 e4 25. Be2 e3 26. Nd3 Ne4 27. Nxe4 Qxe4+ 28.
Rg2 f4 29. Ne1 Bf5 30. Qxe4 Bxe4 31. Bf3 Re8 32. Bxe4 Rxe4 33. Nf3 Kf6 34. Rcc2
h6 35. Kg1 Re8 36. Kf1 Kf5 37. Ke2 Ke4 38. Rb2 c6 39. Rxb7 cxd5 40. cxd5 Rc8
41. Rb4+ Kxd5 42. Rd4+ Ke6 43. Rxf4 Rc2+ 44. Kf1 Rc1+ 45. Ne1 Ke5 46. Rh4 d5
47. Rc2 Ra1 48. Ke2 d4 49. Nf3+ 1-0

[Event "Golden Horseshoe op U2000"]
[Site "Mississauga CAN"]
[Date "2019.06.09"]
[Round "4.22"]
[White "Momic, Jovan"]
[Black "Wu, Benjamin"]
[Result "0-1"]
[WhiteElo "1861"]
[BlackElo "1713"]
[PlyCount "28"]
[EventDate "2019.06.08"]
[EventType "swiss"]
[EventRounds "5"]
[EventCountry "CAN"]

1. d4 Nf6 2. c4 d5 3. Nc3 c6 4. Bg5 e6 5. c5 Be7 6. b4 b6 7. e3 a5 8. a3 Ba6 9.
Bd3 Bxd3 10. Qxd3 axb4 11. Nce2 bxc5 12. dxc5 Bxc5 13. Nf3 Rxa3 14. O-O Rxd3
0-1

[Event "Golden Horseshoe op U2000"]
[Site "Mississauga CAN"]
[Date "2019.06.09"]
[Round "4.23"]
[White "Sharma, Vishruth"]
[Black "Chakkoli, Anirud"]
[Result "1/2-1/2"]
[WhiteElo "1790"]
[BlackElo "1700"]
[PlyCount "56"]
[EventDate "2019.06.08"]
[EventType "swiss"]
[EventRounds "5"]
[EventCountry "CAN"]

1. e4 c5 2. Nf3 d6 3. d4 cxd4 4. Nxd4 Nf6 5. Nc3 a6 6. f3 e5 7. Nb3 Be6 8. Bg5
Be7 9. Qd2 Nbd7 10. O-O-O b5 11. Kb1 Rc8 12. Bd3 b4 13. Ne2 a5 14. Bb5 O-O 15.
h4 a4 16. Bxa4 Ra8 17. Bxd7 Qxd7 18. Qxb4 d5 19. Qd2 d4 20. Nec1 Rfc8 21. Rhe1
Qa4 22. Qf2 Bxb3 23. cxb3 Rxc1+ 24. Rxc1 Qxa2+ 25. Kc2 Rc8+ 26. Kd3 Qxb3+ 27.
Ke2 Qb5+ 28. Kd1 Qb3+ 1/2-1/2

[Event "Golden Horseshoe op U2000"]
[Site "Mississauga CAN"]
[Date "2019.06.09"]
[Round "4.24"]
[White "Kuehl, Scott"]
[Black "Gao, Lucy"]
[Result "1-0"]
[WhiteElo "1771"]
[BlackElo "1676"]
[PlyCount "71"]
[EventDate "2019.06.08"]
[EventType "swiss"]
[EventRounds "5"]
[EventCountry "CAN"]

1. e4 e5 2. Nf3 Nc6 3. Nc3 Nf6 4. Bc4 Be7 5. O-O O-O 6. d4 d6 7. d5 Na5 8. Be2
b6 9. Bg5 h6 10. Bxf6 Bxf6 11. b4 Nb7 12. Bb5 a5 13. a3 Qe7 14. Qd3 Bd7 15.
Bxd7 Qxd7 16. Nd2 Bg5 17. Nc4 f5 18. exf5 Rxf5 19. Ne3 Rf7 20. Ne4 Bxe3 21.
fxe3 Raf8 22. Rxf7 Rxf7 23. Rf1 axb4 24. axb4 Rxf1+ 25. Kxf1 Qa4 26. c3 Qa1+
27. Kf2 Qb2+ 28. Kf3 Qc1 29. Ng3 Nd8 30. Kg4 Nf7 31. Kf5 Qg1 32. Ke6 Qf2 33.
Qg6 Ng5+ 34. Kd7 Qa2 35. Nf5 Qa4+ 36. Ke7 1-0

[Event "Golden Horseshoe op U2000"]
[Site "Mississauga CAN"]
[Date "2019.06.09"]
[Round "4.25"]
[White "Locham, Divjot"]
[Black "Zhang, Jonathan"]
[Result "0-1"]
[WhiteElo "1694"]
[BlackElo "1886"]
[PlyCount "154"]
[EventDate "2019.06.08"]
[EventType "swiss"]
[EventRounds "5"]
[EventCountry "CAN"]

1. e4 e6 2. d4 d5 3. Nd2 Nf6 4. e5 Nfd7 5. Bd3 c5 6. c3 Nc6 7. Ne2 cxd4 8. cxd4
f6 9. exf6 Nxf6 10. Nf3 Bd6 11. O-O O-O 12. Re1 e5 13. dxe5 Nxe5 14. Ned4 Nxf3+
15. Nxf3 Bg4 16. Be2 Bc5 17. Nd4 Qb6 18. Be3 Bxe2 19. Rxe2 Ng4 20. Rc1 Nxe3 21.
fxe3 Rae8 22. Kh1 Bxd4 23. exd4 Rxe2 24. Qxe2 Qxd4 25. Qe6+ Kh8 26. Qf7 Qd1+
27. Rxd1 Rxf7 28. Kg1 Rd7 29. Kf2 Kg8 30. Ke3 Kf7 31. Kd4 Ke6 32. Re1+ Kd6 33.
Re8 a6 34. Re5 Kc6 35. Re6+ Rd6 36. Re7 Rg6 37. g3 Rh6 38. Rxg7 Rxh2 39. Kc3
d4+ 40. Kxd4 Rxb2 41. Rxh7 Rxa2 42. Rh6+ Kb5 43. Rh5+ Kb4 44. g4 Rg2 45. g5 a5
46. Rh7 b5 47. Rh1 a4 48. Rb1+ Ka5 49. Kc3 Rxg5 50. Rd1 Rg3+ 51. Kc2 a3 52. Rd4
Rg2+ 53. Kb3 Rg3+ 54. Ka2 b4 55. Rd8 Rg2+ 56. Ka1 Ka4 57. Rd4 Kb3 58. Rd1 Kc3
59. Rc1+ Rc2 60. Rh1 b3 61. Rh3+ Kc4 62. Rh4+ Kd5 63. Rh1 Rd2 64. Rg1 Kd4 65.
Rf1 Kc3 66. Rc1+ Kd3 67. Rh1 Re2 68. Rd1+ Kc2 69. Rb1 b2+ 70. Ka2 Rd2 71. Rh1
Rd1 72. Rh2+ Kc1 73. Kxa3 b1=Q 74. Rh3 Rd3+ 75. Rxd3 Qxd3+ 76. Ka2 Kc2 77. Ka1
Qa3# 0-1

[Event "Golden Horseshoe op U2000"]
[Site "Mississauga CAN"]
[Date "2019.06.09"]
[Round "5.15"]
[White "Butt, Jeffery"]
[Black "Orozco, Joey"]
[Result "1/2-1/2"]
[WhiteElo "1686"]
[BlackElo "1869"]
[PlyCount "69"]
[EventDate "2019.06.08"]
[EventType "swiss"]
[EventRounds "5"]
[EventCountry "CAN"]

1. e4 c5 2. Nf3 e6 3. d4 cxd4 4. Nxd4 Nf6 5. Nc3 Nc6 6. Nxc6 bxc6 7. e5 Nd5 8.
Ne4 Qa5+ 9. Bd2 Qb6 10. b3 Qd4 11. Bd3 Qxe5 12. O-O f5 13. Ng5 Bd6 14. g3 Qf6
15. a3 Be5 16. Rb1 Nc3 17. Bxc3 Bxc3 18. Nf3 O-O 19. Qe2 a5 20. Qe3 d6 21. Rfd1
Bb2 22. a4 Ba3 23. Be2 Bc5 24. Qd2 Kh8 25. c3 d5 26. Qf4 Re8 27. Qe5 Kg8 28.
Qc7 e5 29. Bb5 cxb5 30. Qxc5 bxa4 31. bxa4 Be6 32. Rb6 Qe7 33. Qxe7 Rxe7 34.
Nxe5 Rc8 35. Rd3 1/2-1/2

[Event "Golden Horseshoe op U2000"]
[Site "Mississauga CAN"]
[Date "2019.06.09"]
[Round "5.16"]
[White "Lim, Levi"]
[Black "Joseph Benher, Savio"]
[Result "0-1"]
[WhiteElo "1973"]
[BlackElo "1830"]
[PlyCount "82"]
[EventDate "2019.06.08"]
[EventType "swiss"]
[EventRounds "5"]
[EventCountry "CAN"]

1. e4 e6 2. d4 d5 3. Nd2 c5 4. exd5 Qxd5 5. Ngf3 cxd4 6. Bc4 Qd7 7. O-O Nf6 8.
Nb3 Nc6 9. Nbxd4 Nxd4 10. Nxd4 a6 11. c3 b5 12. Bb3 Bb7 13. a4 b4 14. a5 O-O-O
15. Qe2 Kb8 16. Bc4 Qc8 17. Bf4+ Bd6 18. Bxd6+ Rxd6 19. Nc2 bxc3 20. bxc3 Qc6
21. Ne3 Rhd8 22. Rfd1 Ne4 23. Rxd6 Rxd6 24. Qb2 Rd2 25. Qb4 Nxf2 26. Qf8+ Ka7
27. Qxg7 Nh3+ 28. Kf1 Nf4 29. Ke1 Rd7 30. Bf1 f5 31. Qe5 Ng6 32. Qf6 Qe4 33.
Kf2 Rd2+ 34. Kg1 Qxe3+ 35. Kh1 Qf2 36. Qg7 Nf4 37. Rb1 Rb2 38. Rd1 Nxg2 39.
Bxg2 Qxg2+ 40. Qxg2 Rxg2 41. Rd7 Rd2+ 0-1

[Event "Golden Horseshoe op U2000"]
[Site "Mississauga CAN"]
[Date "2019.06.09"]
[Round "5.17"]
[White "Mendoza, Armand Jess"]
[Black "McDonald, Mike"]
[Result "1-0"]
[WhiteElo "1954"]
[BlackElo "1837"]
[PlyCount "60"]
[EventDate "2019.06.08"]
[EventType "swiss"]
[EventRounds "5"]
[EventCountry "CAN"]

1. e4 c5 2. Nf3 d6 3. d4 cxd4 4. Nxd4 Nf6 5. Nc3 a6 6. Bg5 e6 7. f4 h6 8. Bh4
Be7 9. Qf3 Qb6 10. O-O-O Nxe4 11. Bxe7 Nxc3 12. Qxc3 Kxe7 13. Nf3 Nc6 14. Qxg7
Bd7 15. Qc3 Nb4 16. Qb3 Qa5 17. a3 Nxc2 18. Rd2 Rac8 19. Rxc2 Rxc2+ 20. Qxc2
Rc8 21. Bc4 b5 22. Kb1 Rxc4 23. Qd3 Rxf4 24. Rd1 Qc7 25. Qe3 e5 26. g3 Bf5+ 27.
Ka1 Qc2 28. Rc1 Qxc1+ 29. Qxc1 Rxf3 30. Qc7+ Ke6 1-0

[Event "Golden Horseshoe op U2000"]
[Site "Mississauga CAN"]
[Date "2019.06.09"]
[Round "5.18"]
[White "Caloyloy, Ronnie Nino"]
[Black "Hua, Michelle"]
[Result "0-1"]
[WhiteElo "1701"]
[BlackElo "1803"]
[PlyCount "158"]
[EventDate "2019.06.08"]
[EventType "swiss"]
[EventRounds "5"]
[EventCountry "CAN"]

1. e4 c5 2. Nf3 d6 3. c3 g6 4. d4 cxd4 5. cxd4 Bg7 6. Be2 e6 7. O-O Ne7 8. Nc3
O-O 9. Bf4 d5 10. e5 a6 11. Qd2 Nd7 12. a4 Nb6 13. b3 Bd7 14. Rac1 Bc6 15. Bg5
f6 16. exf6 Bxf6 17. Bh6 Bg7 18. Bxg7 Kxg7 19. Ng5 Qd6 20. Bg4 Nf5 21. Rfe1
Rae8 22. f4 h6 23. Nf3 Nd7 24. g3 Nf6 25. Bh3 Ne4 26. Qd3 Qb4 27. Na2 Qa3 28.
Rc2 Bxa4 29. Bxf5 exf5 30. Rb1 Bb5 31. Rc7+ Rf7 32. Rxf7+ Kxf7 33. Qc2 Re7 34.
Ne5+ Kg7 35. Nc3 Qb4 36. Nxb5 Qxb5 37. Rc1 Qb6 38. Nf3 g5 39. fxg5 hxg5 40. Kg2
Re6 41. Qc7+ Qxc7 42. Rxc7+ Kf6 43. Rxb7 f4 44. gxf4 gxf4 45. Ne5 Kf5 46. h4
Nd2 47. Kf2 Ke4 48. h5 Kxd4 49. Ng6 f3 50. Rb4+ Kc5 51. Nf4 Rf6 52. Nd3+ Kc6
53. Ke3 Ne4 54. Ne5+ Kc5 55. Rxe4 f2 56. Nd3+ Kc6 57. Nxf2 dxe4 58. Nxe4 Rf5
59. Ng3 Rf8 60. Ne2 Kb5 61. Nf4 Kb4 62. Kf3 Kxb3 63. Kg4 a5 64. Ng6 Rf7 65. h6
Rh7 66. Kg5 Rxh6 67. Kxh6 a4 68. Kg7 a3 69. Kf7 a2 70. Ne7 a1=Q 71. Ke6 Kc4 72.
Nc6 Qe1+ 73. Kd6 Qd2+ 74. Kc7 Kc5 75. Nb8 Qd6+ 76. Kb7 Kb5 77. Ka7 Qc7+ 78. Ka8
Kb6 79. Nd7+ Qxd7 0-1

[Event "Golden Horseshoe op U2000"]
[Site "Mississauga CAN"]
[Date "2019.06.09"]
[Round "5.19"]
[White "Baylon, Glenda"]
[Black "Ajith, Aayush"]
[Result "1/2-1/2"]
[WhiteElo "1911"]
[BlackElo "1826"]
[PlyCount "64"]
[EventDate "2019.06.08"]
[EventType "swiss"]
[EventRounds "5"]
[EventCountry "CAN"]

1. d4 Nf6 2. c4 g6 3. Nc3 d5 4. cxd5 Nxd5 5. e4 Nxc3 6. bxc3 Bg7 7. Bc4 c5 8.
Ne2 Nc6 9. Bb2 O-O 10. O-O Qc7 11. Qc2 e6 12. f4 a6 13. a4 Na5 14. Bb3 c4 15.
Ba2 b5 16. Ba3 Rd8 17. Bb4 Nc6 18. Bc5 Bb7 19. Rab1 Na7 20. Bxa7 Rxa7 21. axb5
axb5 22. Rxb5 Qc6 23. Rc5 Qxe4 24. Qxe4 Bxe4 25. Bxc4 Ra4 26. Nc1 Bf6 27. Re1
Bf5 28. Kf1 Rb8 29. Bd3 Rb2 30. Rc8+ Kg7 31. Re2 Rb1 32. Re1 Rb2 1/2-1/2

[Event "Golden Horseshoe op U2000"]
[Site "Mississauga CAN"]
[Date "2019.06.09"]
[Round "5.20"]
[White "Wu, Benjamin"]
[Black "Cater, Brendan"]
[Result "0-1"]
[WhiteElo "1713"]
[BlackElo "1897"]
[PlyCount "60"]
[EventDate "2019.06.08"]
[EventType "swiss"]
[EventRounds "5"]
[EventCountry "CAN"]

1. e4 c5 2. Nf3 Nc6 3. d4 cxd4 4. Nxd4 a6 5. c4 Nf6 6. Nc3 g6 7. Be3 Bg7 8. Be2
d6 9. O-O Bd7 10. Qd2 h5 11. Rfd1 Ng4 12. Bxg4 hxg4 13. Nxc6 bxc6 14. Bg5 Be5
15. g3 f6 16. Bf4 Kf7 17. Bxe5 fxe5 18. Rf1 Kg7 19. f4 gxf3 20. Rxf3 Bg4 21.
Rf2 Bh3 22. Qe3 Rf8 23. Rd1 Qd7 24. Rdd2 Qe6 25. b3 Qg4 26. Rxf8 Rxf8 27. Rf2
Rf6 28. Qd2 Rf3 29. Na4 Qxe4 30. Qd1 Re3 0-1

[Event "Golden Horseshoe op U2000"]
[Site "Mississauga CAN"]
[Date "2019.06.09"]
[Round "5.21"]
[White "Chen, Richard"]
[Black "Samokysh, Yevhen"]
[Result "1-0"]
[WhiteElo "1759"]
[BlackElo "1794"]
[PlyCount "71"]
[EventDate "2019.06.08"]
[EventType "swiss"]
[EventRounds "5"]
[EventCountry "CAN"]

1. d4 Nf6 2. c4 g6 3. Nc3 d5 4. cxd5 Nxd5 5. e4 Nxc3 6. bxc3 Bg7 7. Nf3 c5 8.
Be2 O-O 9. O-O Nc6 10. Bb2 Bg4 11. d5 Bxf3 12. Bxf3 Ne5 13. Be2 c4 14. Qc2 Qb6
15. Ba3 Rac8 16. Bxe7 Rfe8 17. Bg5 h6 18. Be3 Qa6 19. Bd4 g5 20. Rab1 Nd3 21.
Bxg7 Kxg7 22. f3 Nf4 23. g3 Nh3+ 24. Kg2 g4 25. fxg4 Ng5 26. Bf3 f6 27. h4 Nf7
28. Rb4 b6 29. Qa4 Qxa4 30. Rxa4 Rc7 31. Rb4 Nd6 32. Re1 Re5 33. Kf2 Rce7 34.
Ra4 Kf8 35. Re2 Nb5 36. Rxc4 1-0

[Event "Golden Horseshoe op U2000"]
[Site "Mississauga CAN"]
[Date "2019.06.09"]
[Round "5.22"]
[White "Chakkoli, Anirud"]
[Black "Kuehl, Scott"]
[Result "1-0"]
[WhiteElo "1700"]
[BlackElo "1771"]
[PlyCount "33"]
[EventDate "2019.06.08"]
[EventType "swiss"]
[EventRounds "5"]
[EventCountry "CAN"]

1. e4 Nf6 2. e5 Nd5 3. d4 d6 4. Nf3 dxe5 5. Nxe5 c6 6. Bc4 Be6 7. O-O g6 8. f4
Nd7 9. Nd2 N7f6 10. Qe1 Qc7 11. Ndf3 b5 12. Bb3 a5 13. c4 bxc4 14. Ba4 Ra6 15.
Ng5 Bg7 16. Nxe6 fxe6 17. Nxc4 1-0

[Event "Golden Horseshoe op U2000"]
[Site "Mississauga CAN"]
[Date "2019.06.09"]
[Round "5.23"]
[White "Zhang, Jonathan"]
[Black "Desikan, Ajith"]
[Result "0-1"]
[WhiteElo "1886"]
[BlackElo "1845"]
[PlyCount "58"]
[EventDate "2019.06.08"]
[EventType "swiss"]
[EventRounds "5"]
[EventCountry "CAN"]

1. e4 c5 2. Nf3 Nc6 3. d4 cxd4 4. Nxd4 e5 5. Nb3 Nf6 6. Nc3 Bb4 7. f3 O-O 8.
Be3 d5 9. Bc5 Bxc5 10. Nxc5 d4 11. Nb5 a6 12. Nb3 axb5 13. Bxb5 Be6 14. O-O
Bxb3 15. axb3 Rxa1 16. Qxa1 Qa8 17. Bxc6 bxc6 18. Rc1 c5 19. Kf2 Nd7 20. Ke2
Nb6 21. Qxa8 Rxa8 22. Kd3 Kf8 23. c3 Ke7 24. c4 Nd7 25. g4 Ra7 26. Kc2 Nb8 27.
b4 cxb4 28. Kb3 Nd7 29. Kxb4 Rb7+ {...} 0-1

[Event "Golden Horseshoe op U2000"]
[Site "Mississauga CAN"]
[Date "2019.06.09"]
[Round "5.24"]
[White "Hughes-Dupuy, Henry"]
[Black "Sharma, Vishruth"]
[Result "1-0"]
[WhiteElo "1674"]
[BlackElo "1790"]
[PlyCount "97"]
[EventDate "2019.06.08"]
[EventType "swiss"]
[EventRounds "5"]
[EventCountry "CAN"]

1. Nf3 Nf6 2. g3 d5 3. Bg2 e6 4. d4 Bd6 5. O-O b6 6. c3 Bb7 7. Re1 Nbd7 8. Bg5
h6 9. Bxf6 Qxf6 10. Nbd2 O-O 11. e4 dxe4 12. Nxe4 Qe7 13. Nxd6 cxd6 14. Qd3 Nf6
15. Rad1 Rac8 16. a3 Bd5 17. Nd2 Bxg2 18. Kxg2 Qb7+ 19. f3 d5 20. Re5 Rc7 21.
Qe2 Rfc8 22. f4 Nd7 23. Re3 b5 24. Nb3 Qb6 25. Rf1 a5 26. f5 Rc6 27. fxe6 fxe6
28. Qh5 R8c7 29. Qg6 e5 30. Qf7+ Kh8 31. Qxd5 b4 32. Qxa5 bxc3 33. Rxc3 Rxc3
34. bxc3 Qc6+ 35. Rf3 e4 36. Re3 Rb7 37. Qa8+ Kh7 38. c4 Qc7 39. Qa5 Qc6 40.
Qf5+ Kh8 41. c5 Nf6 42. Kh3 Rb8 43. Nd2 Re8 44. Nc4 Rd8 45. Ne5 Qe8 46. Rxe4
Nxe4 47. Qxe4 Qe6+ 48. g4 Rb8 49. Ng6+ 1-0

[Event "Golden Horseshoe op U2000"]
[Site "Mississauga CAN"]
[Date "2019.06.09"]
[Round "5.25"]
[White "Gao, Lucy"]
[Black "Momic, Jovan"]
[Result "0-1"]
[WhiteElo "1676"]
[BlackElo "1861"]
[PlyCount "58"]
[EventDate "2019.06.08"]
[EventType "swiss"]
[EventRounds "5"]
[EventCountry "CAN"]

1. e4 e6 2. d4 d5 3. Nc3 Nf6 4. exd5 exd5 5. Bg5 Be7 6. Nf3 O-O 7. Be2 h6 8.
Bh4 Bf5 9. O-O Nc6 10. a3 a6 11. Ne5 g5 12. Bg3 Bd6 13. f4 Be4 14. fxg5 hxg5
15. Qd2 Nh7 16. Bh5 f6 17. Ng6 Re8 18. Rae1 Bxg3 19. hxg3 Qd6 20. Nxe4 dxe4 21.
Qe3 Qxd4 22. Qxd4 Nxd4 23. c3 Nb3 24. Bg4 Rad8 25. Bf5 e3 26. Rf3 e2 27. Bd3
Nd2 28. Bxe2 Nxf3+ 29. gxf3 Kg7 0-1

[Event "Grand Pacific op"]
[Site "Victoria CAN"]
[Date "2019.04.19"]
[Round "1.1"]
[White "Fier, Alexandr"]
[Black "Zhou, Aiden"]
[Result "1-0"]
[WhiteElo "2631"]
[BlackElo "2040"]
[PlyCount "73"]
[EventDate "2019.04.19"]
[EventType "swiss"]
[EventRounds "6"]
[EventCountry "CAN"]

1. e4 e6 2. d4 d5 3. Nd2 Be7 4. Ngf3 Nf6 5. e5 Nfd7 6. Bd3 c5 7. c3 Nc6 8. O-O
g5 9. dxc5 g4 10. Nd4 Ndxe5 11. N2b3 Nxd3 12. Qxd3 e5 13. Nxc6 bxc6 14. Bh6 Bf6
15. f4 e4 16. Qe3 Ba6 17. Rf2 Qe7 18. Bg5 h6 19. Bxf6 Qxf6 20. Nd4 Kd7 21. a4
Bd3 22. b4 a6 23. Raa2 Rhb8 24. f5 Rb7 25. Qf4 h5 26. b5 axb5 27. axb5 Rxa2 28.
Rxa2 Bxb5 29. Ne6 Qe7 30. Ra8 fxe6 31. Qe5 exf5 32. Qxf5+ Qe6 33. Qf8 Qe5 34.
Qc8+ Ke7 35. Qxb7+ Kf6 36. Rg8 Qf5 37. Qg7+ 1-0

[Event "Grand Pacific op"]
[Site "Victoria CAN"]
[Date "2019.04.19"]
[Round "1.2"]
[White "Lehingrat, Callum"]
[Black "Gorovets, Andrey"]
[Result "0-1"]
[WhiteElo "2037"]
[BlackElo "2492"]
[PlyCount "62"]
[EventDate "2019.04.19"]
[EventType "swiss"]
[EventRounds "6"]
[EventCountry "CAN"]

1. d4 d6 2. c4 e5 3. Nf3 e4 4. Ng5 f5 5. Nc3 Be7 6. Nh3 c6 7. d5 Nf6 8. e3 Nbd7
9. Be2 Ne5 10. Nf4 g5 11. Nh5 O-O 12. Nxf6+ Bxf6 13. Qc2 c5 14. b3 Bd7 15. Bb2
Be8 16. f3 exf3 17. gxf3 Bg6 18. Rg1 f4 19. e4 g4 20. O-O-O gxf3 21. Bf1 a6 22.
Bh3 b5 23. cxb5 axb5 24. a4 bxa4 25. Nxa4 Kh8 26. Bf5 Bxf5 27. exf5 c4 28. bxc4
Qa5 29. Bxe5 Bxe5 30. Nb2 Rfb8 31. Nd3 Bc3 0-1

[Event "Grand Pacific op"]
[Site "Victoria CAN"]
[Date "2019.04.19"]
[Round "1.3"]
[White "Sohal, Tanraj"]
[Black "Chen, Andrew"]
[Result "1-0"]
[WhiteElo "2378"]
[BlackElo "2029"]
[PlyCount "99"]
[EventDate "2019.04.19"]
[EventType "swiss"]
[EventRounds "6"]
[EventCountry "CAN"]

1. d4 Nf6 2. c4 e6 3. Nf3 Bb4+ 4. Nbd2 Ne4 5. e3 O-O 6. Bd3 Nxd2 7. Bxd2 Bxd2+
8. Qxd2 Qe7 9. O-O-O d6 10. Qc2 h6 11. Qc3 Re8 12. Bc2 e5 13. dxe5 dxe5 14.
Qxe5 Nc6 15. Qxe7 Nxe7 16. h3 Be6 17. b3 Nc6 18. Nd4 Nxd4 19. Rxd4 Kf8 20. Rhd1
Ke7 21. Be4 c6 22. Kb2 a5 23. c5 a4 24. Rxa4 Rxa4 25. bxa4 Ra8 26. Ka3 Bc4 27.
Bf5 g6 28. Bc2 Be2 29. Rd2 Bf1 30. f4 Rd8 31. Rxd8 Kxd8 32. Be4 f5 33. Bf3 g5
34. Kb4 Kc7 35. Kc3 Kd7 36. Kd2 Ke6 37. Ke1 Bc4 38. a3 Bd5 39. fxg5 hxg5 40.
Kf2 Bxf3 41. Kxf3 Kd5 42. g3 Kxc5 43. h4 Kd5 44. hxg5 c5 45. Kf4 Ke6 46. e4
fxe4 47. Kxe4 b6 48. g6 Kf6 49. Kd5 Kxg6 50. a5 1-0

[Event "Grand Pacific op"]
[Site "Victoria CAN"]
[Date "2019.04.19"]
[Round "1.4"]
[White "Murray, Mike"]
[Black "Kaufman, Raymond"]
[Result "0-1"]
[WhiteElo "2024"]
[BlackElo "2362"]
[PlyCount "68"]
[EventDate "2019.04.19"]
[EventType "swiss"]
[EventRounds "6"]
[EventCountry "CAN"]

1. Nc3 c5 2. e4 e6 3. g3 Nc6 4. Bg2 g6 5. d3 Bg7 6. Be3 d6 7. Qd2 Nd4 8. Nd1 e5
9. c3 Ne6 10. Nf3 Ne7 11. Bh6 O-O 12. h4 f5 13. Bxg7 Kxg7 14. Ne3 f4 15. Nd5
Nxd5 16. exd5 Nc7 17. c4 Bg4 18. O-O Qd7 19. Kh2 h6 20. Ng1 f3 21. Bh3 Bxh3 22.
Nxh3 Ne8 23. Rh1 Nf6 24. Rae1 Rae8 25. Kg1 b5 26. b3 Qf5 27. Kf1 bxc4 28. bxc4
Rb8 29. Qc3 Rb7 30. Rc1 Rfb8 31. Kg1 Rb1 32. Nf4 exf4 33. Kh2 fxg3+ 34. fxg3
R8b2+ 0-1

[Event "Grand Pacific op"]
[Site "Victoria CAN"]
[Date "2019.04.19"]
[Round "1.5"]
[White "Maisuradze, Nino"]
[Black "Patterson, Roger"]
[Result "1-0"]
[WhiteElo "2344"]
[BlackElo "2019"]
[PlyCount "35"]
[EventDate "2019.04.19"]
[EventType "swiss"]
[EventRounds "6"]
[EventCountry "CAN"]

1. d4 d5 2. c4 e6 3. Nc3 c5 4. e3 Nf6 5. Nf3 Nc6 6. a3 Ne4 7. Qc2 Nxc3 8. bxc3
Be7 9. Bb2 O-O 10. Bd3 h6 11. O-O Qc7 12. cxd5 exd5 13. c4 dxc4 14. Bxc4 Bg4
15. dxc5 Bxf3 16. gxf3 Na5 17. Rac1 Rac8 18. Qg6 1-0